| 000 -LEADER | |
|---|---|
| fixed length control field | 00420nam a22001697a 4500 |
| 005 - DATE AND TIME OF LATEST TRANSACTION | |
| control field | 20260330153532.0 |
| 008 - FIXED-LENGTH DATA ELEMENTS--GENERAL INFORMATION | |
| fixed length control field | 160614b xxu||||| |||| 00| 0 eng d |
| 020 ## - INTERNATIONAL STANDARD BOOK NUMBER | |
| ISBN | 978-0-07-00-9058-3 |
| 041 ## - LANGUAGE CODE | |
| Language code of text/sound track or separate title | eng |
| 082 ## - DEWEY DECIMAL CLASSIFICATION NUMBER | |
| Item number | 7314 |
| 100 ## - MAIN ENTRY--AUTHOR NAME | |
| Personal name | Prasad, Hari Mohan & Mohan Rajnish |
| 245 ## - TITLE STATEMENT | |
| Title | How to Prepare for Group Discussion and Interview |
| 260 ## - PUBLICATION, DISTRIBUTION, ETC. (IMPRINT) | |
| Name of publisher | TMH |
| 300 ## - PHYSICAL DESCRIPTION | |
| Number of Pages | 213 |
| 650 ## - SUBJECT ADDED ENTRY--TOPICAL TERM | |
| Topical Term | Management |
| 942 ## - ADDED ENTRY ELEMENTS (KOHA) | |
| Koha item type | Books |
| Lost status | Damaged status | Collection code | Home library | Current library | Shelving location | Date acquired | Full call number | Accession Number | Koha item type |
|---|---|---|---|---|---|---|---|---|---|
| LIFE SKILL | JRU Library | JRU Library | SHELF-102-G | 14/06/2016 | 650.144 | 7314 | Books | ||
| LIFE SKILL | JRU Library | JRU Library | SHELF-102-F | 14/06/2016 | 650.14 | 7315 | Books |